| Поле | Название | Значение |
| |
Тип записи |
a |
| |
Библиографический уровень |
m |
| 001 |
Контрольный номер |
LIBNET\0001429357 |
| 005 |
Дата корректировки |
20260420160214.5 |
| 010 |
Индекс ISBN |
__ |
| a |
ISBN |
978-5-392-41174-0 |
| b |
Уточнения |
в пер. |
| 9 |
Тираж |
3000 экз. |
| 100 |
Данные общей обработки |
__ |
| a |
Данные общей обработки |
20260401d2024 u y0rusy0189 ca |
| 101 |
Язык документа |
0_ |
| a |
Язык текста |
rus |
| 102 |
Страна публикации |
__ |
| a |
Страна публикации |
RU |
| 105 |
Кодированные данные (монография) |
__ |
| a |
Кодированные данные (монография) |
a j 000ay |
| 200 |
Заглавие и сведения об ответственности |
1_ |
| a |
Заглавие |
Бедная Лиза |
| e |
Сведения, относящиеся к заглавию |
подробный иллюстрированный комментарий |
| e |
Сведения, относящиеся к заглавию |
учебное пособие |
| f |
Первые сведения об ответственности |
Николай Карамзин |
| g |
Последующие сведения об ответственности |
текст комментарий, подбор иллюстраций Ксении Молдавской |
| g |
Последующие сведения об ответственности |
иллюстрации Анастасии Ростовой |
| 203 |
Вид содержания и тип средства |
__ |
| a |
Вид содержания |
Текст |
| a |
Вид содержания |
Изображение |
| b |
Характеристика содержания |
визуальные |
| c |
Тип средства |
непосредственные |
| 210 |
Выходные данные |
1_ |
| a |
Место издания |
Москва |
| c |
Издательство |
Проспект |
| d |
Дата издания |
2024 |
| 215 |
Физическое описание |
__ |
| a |
Объем |
63 с. |
| c |
Иллюстрации/тип воспроизводства |
ил., портр. |
| d |
Формат |
24 см |
| 225 |
Серия |
1_ |
| a |
Серия |
Книга в книге |
| 330 |
Аннотация |
__ |
| a |
Аннотация |
В издании представлена повесть Н.М. Карамзина «Бедная Лиза». Подробный иллюстрированный комментарий к повести, выполненный с использованием технологии «книга в книге», поможет читателю погрузиться в эпоху России конца XVIII века, лучше понять произведение великого писателя и узнать много интересного о событиях и традициях, бытовавших в то время. Для всех интересующихся историей, русской литературой и творчеством Николая Михайловича Карамзина |
| 333 |
Примечание о целевом назначении |
__ |
| a |
Примечание о целевом назначении |
12+ |
| 606 |
Тематические рубрики |
1_ |
| a |
Основная рубрика |
Русская литература |
| z |
Хронологическая подрубрика |
18 в. |
| 606 |
Тематические рубрики |
0_ |
| a |
Основная рубрика |
Проза (х. л.) |
| 610 |
Ключевые слова |
0_ |
| a |
Ключевые слова |
проза русская |
| 610 |
Ключевые слова |
0_ |
| a |
Ключевые слова |
русская литература 18 в. |
| 686 |
Индексы других классификаций |
__ |
| a |
Классификационный индекс |
83.3(2=Рус)4-8 |
| 2 |
Код системы |
rubbk |
| 686 |
Индексы других классификаций |
__ |
| a |
Классификационный индекс |
84Р1-4 |
| 2 |
Код системы |
rubbk |
| 700 |
Автор |
_1 |
| a |
Фамилия |
Карамзин |
| b |
Имя (инициалы) |
Н. М. |
| f |
Даты |
1766-1826 |
| g |
Полное личное имя |
Николай Михайлович |
| 702 |
Вторичная интеллектуальная ответственность |
_1 |
| a |
Фамилия |
Молдавская |
| b |
Имя (инициалы) |
К. А. |
| f |
Даты |
1967- |
| g |
Полное личное имя |
Ксения Александровна |
| 4 |
Код отношения |
570 |
| 702 |
Вторичная интеллектуальная ответственность |
_1 |
| a |
Фамилия |
Ростова |
| b |
Имя (инициалы) |
А. |
| g |
Полное личное имя |
Анастасия |
| 4 |
Код отношения |
440 |
| 801 |
Источник записи |
_0 |
| a |
Страна |
RU |
| b |
Организация |
Донская ГПБ |
| c |
Дата составления |
20240926 |
| g |
Правила каталогизации |
bzbo |
| 801 |
Источник записи |
_1 |
| a |
Страна |
RU |
| b |
Организация |
Донская ГПБ |
| c |
Дата составления |
20240926 |
| 2 |
Код формата |
rusmarc |
| 801 |
Источник записи |
_2 |
| a |
Страна |
RU |
| b |
Организация |
Ульяновская ОНБ |
| c |
Дата составления |
20260401 |
| g |
Правила каталогизации |
RCR |
| 900 |
Электронные ресурсы |
__ |
| a |
Имя электронного ресурса |
проспект20260001 |
| 901 |
Тип документа |
__ |
| t |
Тип документа |
m |
| 909 |
Создатель записи |
__ |
| a |
Создатель записи |
Макушик |
| b |
Дата создания записи |
20260401 |
| 910 |
Корректоры записи |
__ |
| a |
Корректор записи |
Пряхина |
| b |
Дата внесения изменения в запись |
20260420 |